| 000 | 00391nam a2200133Ia 4500 | ||
|---|---|---|---|
| 008 | 191201s2019 xx 000 0 und d | ||
| 082 | _a572.3 SIB | ||
| 100 | _aSIDDIQUI, Anees ahmad and SHARMA,Sanjeev Kumar | ||
| 245 | 0 | _aBiochemistry and Clinical Pathology | |
| 260 |
_bTara Pub _aNew Delhi _c2019 |
||
| 300 | _a154 | ||
| 650 | _aApplied Biochemistry & Clinical Chemistry | ||
| 942 |
_2ddc _cBK |
||
| 999 |
_c8258 _d8258 |
||